Разработка предложений по усовершенствованию лаборатории металлов; Современные техника и технологии; Т. 3

Bibliographische Detailangaben
Parent link:Современные техника и технологии: 14 Международная научно-практическая конференция студентов, аспирантов и молодых ученых, г. Томск, 24-28 марта 2008 г./ Томский политехнический университет (ТПУ).— , 2008
Т. 3.— 2008.— С. 240-242
1. Verfasser: Курдюкова Е. С.
Weitere Verfasser: Филатов И. С. (научный руководитель)
Sprache:Russisch
Veröffentlicht: 2008
Schlagworte:
Format: Buchkapitel
KOHA link:https://koha.lib.tpu.ru/cgi-bin/koha/opac-detail.pl?biblionumber=152626

MARC

LEADER 00000naa2a2200000 4500
001 152626
005 20231031151108.0
035 |a (RuTPU)RU\TPU\book\165482 
090 |a 152626 
100 |a 20090203d2008 k y0rusy50 ca 
101 0 |a rus 
102 |a RU 
200 1 |a Разработка предложений по усовершенствованию лаборатории металлов  |f Е. С. Курдюкова, И. С. Филатов  |g науч. рук. И. С. Филатов 
320 |a Библиогр.: 3 назв. 
461 1 |0 (RuTPU)RU\TPU\book\156858  |t Современные техника и технологии  |o 14 Международная научно-практическая конференция студентов, аспирантов и молодых ученых, г. Томск, 24-28 марта 2008 г.  |o труды  |o в 3 т.  |f Томский политехнический университет (ТПУ)  |d 2008 
463 0 |0 (RuTPU)RU\TPU\book\155178  |t Т. 3  |v С. 240-242  |d 2008  |p 621 с. 
610 1 |a лаборатории 
610 1 |a металлы 
610 1 |a лаборатории металлов 
610 1 |a неразрушающий контроль 
610 1 |a контроль 
610 1 |a качество 
610 1 |a анализ 
610 1 |a изоляция 
610 1 |a энергетика 
610 1 |a труды учёных ТПУ 
700 1 |a Курдюкова  |b Е. С. 
701 1 |a Филатов  |b И. С. 
702 1 |a Филатов  |b И. С.  |4 727 
801 1 |a RU  |b 63413507  |c 20090203  |g PSBO 
801 2 |a RU  |b 63413507  |c 20141110  |g RCR 
942 |c BK